[Event "Bled Olympiad"]
[Site "Bled SLO"]
[Date "2002.11.05"]
[EventDate "2002.10.26"]
[Round "10"]
[Result "1-0"]
[White "Wu Shaobin"]
[Black "Nirosh De Silva"]
[WhiteElo "2544"]
[BlackElo "2236"]
[PlyCount "91"]

1. d4 Nf6 2. Nf3 e6 3. g3 b6 4. Bg2 Bb7 5. O-O Be7 6. c4 O-O
7. Nc3 d6 8. d5 e5 9. e4 Nbd7 10. Ne1 a5 11. b3 Nc5 12. Rb1
Nfd7 13. Be3 Bf6 14. a3 g6 15. b4 axb4 16. axb4 Na6 17. Nc2
Bg7 18. Qd2 f5 19. exf5 gxf5 20. f4 Qf6 21. Nb5 Rae8 22. Rf2
Qg6 23. Rbf1 Nf6 24. fxe5 Ng4 25. e6 Nxf2 26. Rxf2 Be5 27. Bf4
Bc8 28. Re2 Bxf4 29. Qxf4 Qg4 30. Rf2 Qd1+ 31. Bf1 Bxe6
32. dxe6 Rxe6 33. Nc3 Qg4 34. c5 Qxf4 35. Rxf4 d5 36. Bxa6
bxc5 37. Bb7 c6 38. bxc5 Rb8 39. Ba6 Rb2 40. Rf2 Re5 41. Nd4
Re1+ 42. Kg2 Rxf2+ 43. Kxf2 Rc1 44. Nde2 Rc2 45. Bd3 Rb2
46. Ke3 1-0

[Event "Bled Olympiad"]
[Site "Bled SLO"]
[Date "2002.11.05"]
[EventDate "2002.10.26"]
[Round "10"]
[Result "1-0"]
[White "Mohamad Naser Al Sayed"]
[Black "Wisuwat Teerapabpaisit"]
[WhiteElo "2435"]
[BlackElo "2188"]
[PlyCount "99"]

1. e4 c5 2. Nf3 d6 3. d4 cxd4 4. Nxd4 Nf6 5. Nc3 a6 6. f4 Nbd7
7. a4 b6 8. Be2 Bb7 9. Bf3 e6 10. g4 h6 11. Be3 Rc8 12. O-O
Qc7 13. Qe2 Nc5 14. Qg2 g6 15. Rad1 Be7 16. h3 Ncd7 17. f5
gxf5 18. exf5 Bxf3 19. Rxf3 e5 20. Nb3 Qc4 21. Rf2 b5 22. axb5
axb5 23. Nd2 Qc6 24. Qxc6 Rxc6 25. Nxb5 Rxc2 26. Ne4 Rxf2
27. Nbxd6+ Bxd6 28. Nxd6+ Ke7 29. Bxf2 Rb8 30. Rd2 Rb3 31. Kg2
e4 32. Nc4 Rb4 33. Ne5 Rb3 34. Nxd7 Nxd7 35. Re2 Nf6 36. Bh4
Rb4 37. Kf2 Rd4 38. Ke1 Rb4 39. Kd1 Rb6 40. Rxe4+ Kd7 41. Rd4+
Kc8 42. Bxf6 Rxf6 43. Rc4+ Kd7 44. Kc2 Kd6 45. b4 Kd5 46. Kb3
Ra6 47. Rc7 Rf6 48. b5 h5 49. Kb4 hxg4 50. hxg4 1-0

[Event "Bled Olympiad"]
[Site "Bled SLO"]
[Date "2002.11.05"]
[EventDate "2002.10.26"]
[Round "10"]
[Result "1/2-1/2"]
[White "David Gluckman"]
[Black "Dashzeveg Sharavdorj"]
[WhiteElo "2384"]
[BlackElo "2418"]
[PlyCount "27"]

1. e4 e6 2. d4 d5 3. Nc3 Bb4 4. e5 c5 5. Bd2 Nc6 6. Nb5 Bxd2+
7. Qxd2 Nxd4 8. Nxd4 cxd4 9. f4 Qb6 10. O-O-O Ne7 11. Nf3 Nc6
12. Nxd4 Nxd4 13. Qxd4 Qxd4 14. Rxd4 1/2-1/2

[Event "Olympiad"]
[Site "Bled SLO"]
[Date "2002.11.05"]
[EventDate "2002.10.26"]
[Round "10"]
[Result "1-0"]
[White "Ibrahim Hasan Labib"]
[Black "Shojaat Ghane"]
[WhiteElo "2432"]
[BlackElo "2406"]
[PlyCount "90"]

1. e4 e6 2. d4 d5 3. Nc3 Nf6 4. Bg5 Be7 5. e5 Nfd7 6. Bxe7
Qxe7 7. f4 a6 8. Nf3 b6 9. Qd2 c5 10. Nd1 Bb7 11. c3 Nc6
12. Bd3 cxd4 13. cxd4 Qb4 14. Qxb4 Nxb4 15. Kd2 Nxd3 16. Kxd3
a5 17. Rc1 Ke7 18. Ne3 Rac8 19. Kd2 Nb8 20. f5 Ba6 21. g4 Nc6
22. g5 Kd7 23. f6 g6 24. Ng4 Nb4 25. Nh6 Rhf8 26. a3 Nd3
27. Rxc8 Rxc8 28. Nxf7 Nxb2 29. Nd6 Nc4+ 30. Nxc4 dxc4 31. Kc3
Bb7 32. Rf1 Be4 33. Ng1 b5 34. Rf2 b4+ 35. axb4 axb4+ 36. Kxb4
c3 37. Ne2 c2 38. Nc1 Kc6 39. Kc4 Bf5 40. Rf3 Kd7+ 41. Kb4
Rb8+ 42. Kc3 Ra8 43. Kd2 Kc6 44. Rc3+ Kd5 45. Ke3 Ra5 1-0

[Event "Olympiad"]
[Site "Bled SLO"]
[Date "2002.11.06"]
[EventDate "2002.10.26"]
[Round "11"]
[Result "1-0"]
[White "Peter Svidler"]
[Black "Klaus Bischoff"]
[WhiteElo "2690"]
[BlackElo "2554"]
[PlyCount "67"]

1. e4 c5 2. Nf3 e6 3. d4 cxd4 4. Nxd4 Nc6 5. Nc3 d6 6. g4 a6
7. Be3 Nge7 8. Nb3 b5 9. Qd2 Bb7 10. f4 Nc8 11. O-O-O Be7
12. Kb1 O-O 13. g5 Qe8 14. Rg1 b4 15. Ne2 a5 16. Ng3 a4
17. Nd4 b3 18. cxb3 axb3 19. Nxb3 Bd8 20. Bb5 Qe7 21. f5 Ne5
22. f6 Qc7 23. fxg7 Kxg7 24. Bd4 Na7 25. Be2 Nac6 26. Bc3 Be7
27. Nh5+ Kh8 28. g6 fxg6 29. Qh6 Rg8 30. Nf4 Na5 31. Nxa5 Rxa5
32. Nxg6+ Rxg6 33. Rxg6 Bxe4+ 34. Bd3 1-0

[Event "Olympiad"]
[Site "Bled SLO"]
[Date "2002.11.06"]
[EventDate "2002.10.26"]
[Round "11"]
[Result "1/2-1/2"]
[White "Luke McShane"]
[Black "Zoltan Almasi"]
[WhiteElo "2546"]
[BlackElo "2672"]
[PlyCount "75"]

1. e4 e5 2. Nf3 Nc6 3. Bb5 a6 4. Ba4 Nf6 5. O-O Be7 6. Re1 b5
7. Bb3 d6 8. c3 O-O 9. d4 Bg4 10. d5 Na5 11. Bc2 c6 12. h3 Bc8
13. dxc6 Qc7 14. Nbd2 Qxc6 15. Nf1 Nc4 16. Ng3 Re8 17. a4 g6
18. Qe2 Bb7 19. Bd3 Qc7 20. Nd2 d5 21. exd5 Bxd5 22. axb5 axb5
23. Rxa8 Rxa8 24. Bxc4 bxc4 25. Qxe5 Qxe5 26. Rxe5 Bd6 27. Re1
Ra1 28. Ngf1 Bf4 29. g3 Bh6 30. f4 Bf8 31. Ne3 Bc5 32. Ndf1
Be4 33. Bd2 Ra2 34. Bc1 Bd3 35. Kg2 Ra1 36. Bd2 Ra2 37. Bc1
Ra1 38. Bd2 1/2-1/2

[Event "Olympiad"]
[Site "Bled SLO"]
[Date "2002.11.06"]
[EventDate "2002.10.26"]
[Round "11"]
[Result "1/2-1/2"]
[White "Bojan Kurajica"]
[Black "Robert Zelcic"]
[WhiteElo "2548"]
[BlackElo "2554"]
[PlyCount "110"]

1. Nf3 Nf6 2. c4 e6 3. g3 d5 4. Bg2 Be7 5. O-O O-O 6. b3 c5
7. cxd5 Nxd5 8. Bb2 Nc6 9. Nc3 Nxc3 10. Bxc3 Rb8 11. Rc1 b6
12. d4 cxd4 13. Nxd4 Nxd4 14. Qxd4 Qxd4 15. Bxd4 Bf6 16. Bxf6
gxf6 17. Rc7 a5 18. Rd1 Ba6 19. Bf3 Rfc8 20. Rdd7 Rxc7
21. Rxc7 Bb5 22. a4 Be8 23. Kg2 f5 24. Bc6 Bxc6+ 25. Rxc6 Kg7
26. f4 Kf6 27. Kf3 h5 28. Rc7 Rd8 29. Rc6 Rb8 30. Ke3 b5
31. Rc5 bxa4 32. bxa4 Rb3+ 33. Kf2 h4 34. Rxa5 hxg3+ 35. hxg3
Ra3 36. Ra8 Ra2 37. a5 Ra3 38. a6 Kg7 39. Kg2 Kf6 40. Kf2 Kg7
41. Ra7 Kf6 42. Ke1 Ra2 43. Kd1 Kg6 44. e3 Kh5 45. Rxf7 Rxa6
46. Ke2 Kg6 47. Rd7 Kf6 48. Kf3 Ra3 49. Rd2 Rb3 50. Rh2 Kg6
51. Rh3 Rb4 52. g4 fxg4+ 53. Kxg4 e5 54. Rf3 Ra4 55. Rf1 Rb4
1/2-1/2

[Event "Olympiad"]
[Site "Bled SLO"]
[Date "2002.11.06"]
[EventDate "2002.10.26"]
[Round "11"]
[Result "1/2-1/2"]
[White "Nenad Sulava"]
[Black "Emir Dizdarevic"]
[WhiteElo "2551"]
[BlackElo "2520"]
[PlyCount "171"]

1. d4 d6 2. Nf3 Bg4 3. e3 g6 4. h3 Bf5 5. c4 Bg7 6. Nc3 Nf6
7. Bd3 Bxd3 8. Qxd3 O-O 9. e4 c5 10. d5 Nbd7 11. O-O Ne8
12. Bf4 a6 13. a4 Rb8 14. Rfe1 f6 15. Bd2 a5 16. Nh2 Nc7
17. Ne2 b6 18. Qg3 Ne5 19. b3 Nf7 20. Bc3 Qd7 21. Kh1 Rbe8
22. Rad1 e5 23. dxe6 Nxe6 24. f4 Qc6 25. Qd3 Nc7 26. Ng3 Re7
27. Ng4 Ne8 28. Ne3 Nc7 29. Ngf5 gxf5 30. Nxf5 Re6 31. Qg3 Ne8
32. Bxf6 Qb7 33. Nxg7 Rxf6 34. Nxe8+ Rg6 35. Nf6+ Kg7 36. Nh5+
Kg8 37. Qc3 Qe7 38. e5 dxe5 39. fxe5 Qg5 40. Nf6+ Kh8 41. Re2
Nh6 42. Ne4 Qh5 43. e6+ Kg8 44. Rde1 Nf5 45. e7 Nxe7 46. Ng3
Qh4 47. Rxe7 Rxg3 48. Qe5 Rg6 49. Re8 Qf6 50. Qd5+ Kg7
51. Rxf8 Qxf8 52. Qd7+ Kh6 53. Qd2+ Kg7 54. Qb2+ Kh6 55. Qc1+
Kg7 56. Rf1 Qd6 57. Qc3+ Kh6 58. Qf3 Re6 59. Qf7 Rg6 60. Qf3
Re6 61. Qg4 Rg6 62. Qh4+ Kg7 63. Re1 Rf6 64. Qg4+ Kh6 65. Qh4+
Kg7 66. Qg5+ Kf7 67. Qh5+ Kg7 68. Rd1 Qe6 69. Qg5+ Rg6 70. Qd8
Qf6 71. Rd7+ Kh6 72. Qxf6 Rxf6 73. Rb7 Kg6 74. Kh2 Rd6 75. Kg3
Rd3+ 76. Kf4 Rxb3 77. g4 Rb4 78. Ke5 h5 79. gxh5+ Kxh5 80. Kd5
Kh4 81. Rh7+ Kg5 82. h4+ Kg6 83. Rb7 Kh5 84. Rh7+ Kg6 85. Rb7
Kh5 86. Rh7+ 1/2-1/2

[Event "Olympiad"]
[Site "Bled SLO"]
[Date "2002.11.06"]
[EventDate "2002.10.26"]
[Round "11"]
[Result "0-1"]
[White "Evgenij Agrest"]
[Black "Zurab Sturua"]
[WhiteElo "2607"]
[BlackElo "2536"]
[PlyCount "90"]

1. c4 Nf6 2. Nc3 e6 3. e4 d5 4. e5 d4 5. exf6 dxc3 6. bxc3
Qxf6 7. Nf3 e5 8. Bd3 Na6 9. Bc2 Bg4 10. O-O O-O-O 11. Re1 Nc5
12. h3 Bh5 13. d4 Bxf3 14. Qxf3 Qxf3 15. gxf3 exd4 16. Bf5+
Nd7 17. cxd4 g6 18. Be4 Bg7 19. Rb1 Nb6 20. c5 Nd5 21. Bg5 Rd7
22. Rb3 f5 23. Bd3 c6 24. Reb1 b6 25. cxb6 axb6 26. Be3 Kc7
27. Bc4 b5 28. Bxd5 Rxd5 29. a4 Kb6 30. Rc1 Re8 31. Rbc3 Re6
32. axb5 cxb5 33. Rc8 Bxd4 34. Bf4 Be5 35. Be3+ Kb7 36. f4 Bb8
37. R8c2 Re7 38. Ra2 g5 39. fxg5 f4 40. Bc5 Ree5 41. Rac2
Rxg5+ 42. Kf1 f3 43. Be7 Bh2 44. Bxg5 Rxg5 45. Ke1 Rg1+ 0-1

[Event "Olympiad"]
[Site "Bled SLO"]
[Date "2002.11.06"]
[EventDate "2002.10.26"]
[Round "11"]
[Result "1-0"]
[White "Merab Gagunashvili"]
[Black "Tiger Hillarp Persson"]
[WhiteElo "2538"]
[BlackElo "2493"]
[PlyCount "95"]

1. d4 Nf6 2. c4 g6 3. Nf3 Bg7 4. g3 O-O 5. Bg2 d6 6. Nc3 Nbd7
7. O-O e5 8. e4 a6 9. Rb1 b5 10. cxb5 axb5 11. b4 c6 12. Qc2
exd4 13. Nxd4 Ne5 14. Rd1 Qb6 15. h3 h5 16. a4 bxa4 17. Nxa4
Qa7 18. Nc3 h4 19. gxh4 Bd7 20. Kh1 Rac8 21. f4 Nc4 22. Qd3 d5
23. e5 Nh5 24. b5 Nxe5 25. fxe5 Bxe5 26. b6 Qb8 27. Be3 Qd6
28. Nce2 Rfe8 29. Qd2 Qf6 30. Bg5 Qg7 31. Rdc1 Bb8 32. b7 Rcd8
33. Kg1 Qe5 34. Nf3 Qd6 35. Bxd8 Rxd8 36. Ra1 c5 37. Ra8 d4
38. Qa5 Bc6 39. Qxc5 Qxc5 40. Rxc5 Bxb7 41. Ra1 d3 42. Ned4 d2
43. Rb5 Bf4 44. Rxb7 Be3+ 45. Kh1 Bxd4 46. Nxd4 Rxd4 47. Rd1
Ng3+ 48. Kh2 1-0

[Event "Olympiad"]
[Site "Bled SLO"]
[Date "2002.11.06"]
[EventDate "2002.10.26"]
[Round "11"]
[Result "1/2-1/2"]
[White "Emanuel Berg"]
[Black "Zviad Izoria"]
[WhiteElo "2535"]
[BlackElo "2572"]
[PlyCount "105"]

1. e4 e6 2. d4 d5 3. Nc3 dxe4 4. Nxe4 Nd7 5. c4 Ngf6 6. Nc3
Bb4 7. Nge2 O-O 8. a3 Be7 9. Bf4 a6 10. Ng3 Bd6 11. Bxd6 cxd6
12. Bd3 b6 13. Qf3 Ra7 14. O-O Bb7 15. Qf4 d5 16. cxd5 Nxd5
17. Nxd5 Bxd5 18. Rac1 Nf6 19. Rc2 Rd7 20. Rfc1 Bb7 21. Ne2 g6
22. Qe5 Rd5 23. Qc7 Rd7 24. Qe5 b5 25. h3 Rd5 26. Qc7 Rd7
27. Qe5 Rd5 28. Qc7 Rd7 29. Qg3 Qb8 30. Qg5 Qd8 31. Rc5 Ne4
32. Qxd8 Rfxd8 33. Bxe4 Bxe4 34. R1c3 Kg7 35. f3 Bd5 36. b3
Rb8 37. Rd3 a5 38. Nf4 a4 39. Nxd5 Rxd5 40. b4 Rbd8 41. Rxd5
Rxd5 42. Kf2 Rd7 43. Ke3 Rc7 44. d5 exd5 45. Rxd5 Rc3+ 46. Rd3
Rc2 47. g3 Kf6 48. Ke4 Ke6 49. Re3 Kd6 50. Rd3+ Ke6 51. Re3
Kd6 52. Rd3+ Ke6 53. Re3 1/2-1/2

[Event "Olympiad"]
[Site "Bled SLO"]
[Date "2002.11.06"]
[EventDate "2002.10.26"]
[Round "11"]
[Result "1/2-1/2"]
[White "Mikhael Mchedlishvili"]
[Black "Jonny Hector"]
[WhiteElo "2551"]
[BlackElo "2590"]
[PlyCount "122"]

1. d4 d5 2. Nf3 Nf6 3. c4 c6 4. e3 Bf5 5. Nc3 e6 6. Nh4 Be4
7. f3 Bg6 8. Qb3 Qb6 9. Nxg6 hxg6 10. Bd2 Nbd7 11. O-O-O Be7
12. Be2 c5 13. Qxb6 Nxb6 14. Nb5 O-O 15. cxd5 exd5 16. Kb1 a6
17. dxc5 Bxc5 18. Rc1 Nbd7 19. Nd4 Rfe8 20. Rhe1 Re7 21. Bf1
Rae8 22. Red1 Bd6 23. h3 Nh5 24. Nc2 Ng3 25. Bc3 Nxf1 26. Rxf1
Bc5 27. Rfd1 Bxe3 28. Nxe3 Rxe3 29. Rxd5 Nb8 30. Rcd1 Nc6
31. Rd7 R8e7 32. Kc2 f6 33. Rxe7 Rxe7 34. Kb3 Rc7 35. Be1 Kf7
36. Bg3 Rc8 37. a4 Ke6 38. Rd6+ Ke7 39. Rd5 g5 40. Be1 Ke6
41. Rd1 Ne7 42. h4 gxh4 43. Bxh4 Rc5 44. Re1+ Kd7 45. Bf2 Rg5
46. Rd1+ Ke6 47. Re1+ Kf7 48. g3 Rd5 49. Kc3 Rf5 50. f4 g5
51. Be3 gxf4 52. gxf4 Nd5+ 53. Kd4 Nxf4 54. Ke4 Ng2 55. Kxf5
Nxe1 56. Bd4 Ke7 57. Bxf6+ Kd6 58. Ke4 Kc5 59. Bc3 Nc2 60. b3
Nb4 61. Bg7 Nc6 1/2-1/2

[Event "Olympiad"]
[Site "Bled SLO"]
[Date "2002.11.06"]
[EventDate "2002.10.26"]
[Round "11"]
[Result "1/2-1/2"]
[White "Angelos Vouldis"]
[Black "Jan Plachetka"]
[WhiteElo "2526"]
[BlackElo "2444"]
[PlyCount "86"]

1. e4 e5 2. f4 Qh4+ 3. g3 Qe7 4. Nc3 d6 5. Nd5 Qd8 6. Nf3 Nf6
7. Bc4 Be6 8. d4 Bxd5 9. exd5 exf4 10. Bxf4 Be7 11. O-O O-O
12. Bb3 Nbd7 13. Qd3 Nh5 14. Bd2 Ndf6 15. Rae1 Qd7 16. Kg2 g6
17. c4 Rae8 18. Bc2 Bd8 19. h3 Rxe1 20. Rxe1 Re8 21. Rxe8+
Qxe8 22. g4 Ng7 23. Qe3 Qxe3 24. Bxe3 Nd7 25. Ng5 h5 26. Kf3
hxg4+ 27. hxg4 Bxg5 28. Bxg5 f6 29. Be3 Kf7 30. b4 f5 31. g5
b6 32. Ba4 Ke7 33. Bf4 Nh5 34. Bh2 Nf8 35. Bg1 Nh7 36. Be3 f4
37. Bxf4 Nxf4 38. Kxf4 Nf8 39. Bd1 Kf7 40. Bg4 Ke7 41. a4 Kf7
42. a5 Ke7 43. a6 Kf7 1/2-1/2

[Event "Olympiad"]
[Site "Bled SLO"]
[Date "2002.11.06"]
[EventDate "2002.10.26"]
[Round "11"]
[Result "1-0"]
[White "Stelios Halkias"]
[Black "Lubomir Ftacnik"]
[WhiteElo "2528"]
[BlackElo "2603"]
[PlyCount "87"]

1. d4 Nf6 2. c4 g6 3. Nc3 d5 4. Bf4 Bg7 5. e3 c6 6. Nf3 Nbd7
7. cxd5 Nxd5 8. Nxd5 cxd5 9. Bd3 Qb6 10. Qb3 Qa5+ 11. Ke2 f6
12. Bg3 e5 13. dxe5 fxe5 14. Rhc1 O-O 15. Kf1 b6 16. Ng5 Rd8
17. Ne6 Nc5 18. Rxc5 bxc5 19. Nxd8 Qxd8 20. Rd1 Bg4 21. f3 Rb8
22. Bc4 Kh8 23. Rxd5 Qf8 24. Qc2 Bxf3 25. gxf3 Qxf3+ 26. Kg1
Qxe3+ 27. Qf2 Qc1+ 28. Bf1 Rf8 29. Rxc5 Qb1 30. Bxe5 Kg8
31. Qe2 Qf5 32. Qc4+ Rf7 33. Rc8+ Bf8 34. Rxf8+ Kxf8 35. Qb4+
Re7 36. Qb8+ Re8 37. Qd6+ Re7 38. Qd8+ Re8 39. Qd6+ Re7
40. Qd8+ Re8 41. Bd6+ Kf7 42. Bc4+ Kg7 43. Qxe8 Qg4+ 44. Bg3
1-0

[Event "Olympiad"]
[Site "Bled SLO"]
[Date "2002.11.06"]
[EventDate "2002.10.26"]
[Round "11"]
[Result "1-0"]
[White "Vaidas Sakalauskas"]
[Black "Boris Avrukh"]
[WhiteElo "2450"]
[BlackElo "2595"]
[PlyCount "127"]

1. d4 Nf6 2. c4 g6 3. Nc3 d5 4. cxd5 Nxd5 5. Bd2 Bg7 6. e4 Nb6
7. Be3 O-O 8. f4 Nc6 9. d5 Na5 10. Bd4 e5 11. Bxe5 Bxe5
12. fxe5 Qh4+ 13. g3 Qe7 14. Qd4 c5 15. d6 cxd4 16. dxe7 Re8
17. Nd5 Nxd5 18. exd5 Rxe7 19. b4 Bf5 20. Nf3 Be4 21. Kf2 Rc8
22. d6 Ree8 23. bxa5 Rc2+ 24. Be2 d3 25. Nd4 Rc4 26. Bf3 Rxe5
27. Bxe4 Rxe4 28. Nb3 Re2+ 29. Kf1 Re6 30. Rd1 Rxd6 31. Rd2
Rd5 32. Kf2 Rc6 33. Rhd1 Rcd6 34. Rc1 h5 35. Rc5 Rf6+ 36. Kg2
Rd7 37. Rc3 Re6 38. Nc5 Rc7 39. Nxe6 Rxc3 40. Nd4 Kg7 41. Kf3
Kf6 42. Ke4 h4 43. Rxd3 Rc5 44. Nb3 Re5+ 45. Kf3 hxg3 46. hxg3
Rb5 47. Rd4 Ke7 48. Kf4 f6 49. Ke3 Ke8 50. Kd3 f5 51. Kc4 Re5
52. Rd6 Re4+ 53. Rd4 Re3 54. Rd3 Re4+ 55. Kd5 Ra4 56. Kd6 Rxa2
57. Ke6 Rc2 58. Kf6 Rc6+ 59. Kg5 Ke7 60. Nd4 Ra6 61. Rb3 Rxa5
62. Rxb7+ Ke8 63. Kxg6 Ra4 64. Ne6 1-0

[Event "Olympiad"]
[Site "Bled SLO"]
[Date "2002.11.06"]
[EventDate "2002.10.26"]
[Round "11"]
[Result "1-0"]
[White "Emil Sutovsky"]
[Black "Darius Zagorskis"]
[WhiteElo "2657"]
[BlackElo "2481"]
[PlyCount "113"]

1. e4 c5 2. Nf3 d6 3. d4 cxd4 4. Nxd4 Nf6 5. Nc3 a6 6. Bc4 e6
7. Bb3 Be7 8. g4 h6 9. Be3 Nc6 10. h3 g5 11. Qe2 Ne5 12. O-O-O
Bd7 13. h4 Nfxg4 14. hxg5 Nxe3 15. Qxe3 Ng6 16. f4 Nxf4
17. Rxh6 Rg8 18. Kb1 Bxg5 19. Rg1 Qe7 20. Nf3 O-O-O 21. Rxg5
Rxg5 22. Qxf4 Rg7 23. Rh1 Bc6 24. Rd1 Kc7 25. Nd4 Rdg8
26. Nxc6 Kxc6 27. e5 dxe5 28. Qe4+ Kc7 29. Qxe5+ Kc8 30. Qd4
Kb8 31. a3 Rg4 32. Ne4 Qc7 33. Qd3 Rg1 34. Rxg1 Rxg1+ 35. Ka2
Rg8 36. Nf6 Rd8 37. Qe3 Qe7 38. Qf2 Qc7 39. Ne4 Rd7 40. Nc5
Rd6 41. Bc4 Ka8 42. Bf1 Rc6 43. b4 f5 44. Bg2 Rb6 45. Kb3 e5
46. Nxb7 Qf7+ 47. c4 Rxb7 48. Bd5 Qd7 49. Qb6 Kb8 50. Qxa6 e4
51. Qxb7+ Qxb7 52. Bxb7 Kxb7 53. Kc3 f4 54. Kd4 f3 55. Ke3 Ka6
56. a4 Kb6 57. a5+ 1-0

[Event "Olympiad"]
[Site "Bled SLO"]
[Date "2002.11.06"]
[EventDate "2002.10.26"]
[Round "11"]
[Result "1/2-1/2"]
[White "Christian Bauer"]
[Black "Friso Nijboer"]
[WhiteElo "2562"]
[BlackElo "2556"]
[PlyCount "32"]

1. g3 g6 2. Bg2 Bg7 3. d4 Nf6 4. e4 d6 5. Ne2 O-O 6. Nbc3 e5
7. h3 c6 8. a4 a5 9. O-O Na6 10. Be3 Nb4 11. Qd2 Be6 12. Rad1
Bc4 13. b3 Ba6 14. Rfe1 Qc7 15. g4 Rad8 16. Ng3 Nxg4 1/2-1/2

[Event "Olympiad"]
[Site "Bled SLO"]
[Date "2002.11.06"]
[EventDate "2002.10.26"]
[Round "11"]
[Result "1/2-1/2"]
[White "Josif D Dorfman"]
[Black "Ivan Sokolov"]
[WhiteElo "2617"]
[BlackElo "2684"]
[PlyCount "90"]

1. d4 d5 2. c4 c6 3. Nf3 Nf6 4. Nc3 dxc4 5. a4 Bf5 6. Ne5 Nbd7
7. Nxc4 Nb6 8. Ne5 e6 9. f3 a5 10. e4 Bg6 11. Be3 Bb4 12. Qb3
Nfd7 13. Nd3 Bd6 14. Be2 O-O 15. O-O Re8 16. Rad1 f6 17. Nc5
Qb8 18. f4 Bf7 19. Nxd7 Nxd7 20. e5 Bb4 21. Ne4 f5 22. Ng5 Nb6
23. Nxf7 Kxf7 24. g4 Nd5 25. gxf5 exf5 26. Bc4 Qd8 27. Bd2 Re6
28. Bxb4 axb4 29. Qh3 Rg6+ 30. Kh1 Qd7 31. Rg1 Kg8 32. Bb3
Rxg1+ 33. Kxg1 Kh8 34. Qf3 Ne7 35. h4 Rd8 36. h5 h6 37. Kf2
Qc7 38. Qe3 Nd5 39. Qg3 Qe7 40. Bxd5 Rxd5 41. Qg6 Qh4+ 42. Kf3
Qh3+ 43. Kf2 Qh2+ 44. Ke3 Qh3+ 45. Kf2 Qh2+ 1/2-1/2

[Event "Olympiad"]
[Site "Bled SLO"]
[Date "2002.11.06"]
[EventDate "2002.10.26"]
[Round "11"]
[Result "1/2-1/2"]
[White "Vladimir Georgiev"]
[Black "Surya Shekhar Ganguly"]
[WhiteElo "2501"]
[BlackElo "2531"]
[PlyCount "117"]

1. d4 d5 2. c4 dxc4 3. Nf3 Nf6 4. e3 e6 5. Bxc4 c5 6. O-O a6
7. Bb3 b5 8. a4 b4 9. a5 Bb7 10. Ba4+ Nbd7 11. Ne5 Qc7 12. e4
cxd4 13. Bf4 Bd6 14. Qxd4 O-O 15. Rc1 Bxe5 16. Rxc7 Bxd4
17. Rxb7 Nc5 18. Rxb4 Rfd8 19. Bc7 Bxf2+ 20. Kxf2 Nd3+ 21. Ke2
Nxb4 22. Bxd8 Rxd8 23. Nc3 Kf8 24. Rc1 Rd4 25. e5 Nd7 26. Bxd7
Rxd7 27. Ne4 Rd5 28. Rc4 Nd3 29. b4 Nxe5 30. Rc8+ Ke7 31. Nc5
Rd6 32. Rc7+ Kd8 33. Ra7 Kc8 34. Rxa6 Rxa6 35. Nxa6 Nc4
36. Kd3 Nd6 37. Nc5 Kc7 38. Ne4 Nb5 39. Ng5 Nd6 40. Nxh7 Kc6
41. Ng5 Kb5 42. Ne4 Nc4 43. Kc3 f5 44. Nc5 e5 45. Ne6 Ne3
46. Nxg7 f4 47. Kd3 Nxg2 48. Nf5 f3 49. Nd6+ Kc6 50. Ne4 Kb5
51. Nd6+ Kc6 52. a6 Kxd6 53. a7 e4+ 54. Kxe4 f2 55. a8=Q f1=Q
56. Qd5+ Kc7 57. Qc5+ Kb7 58. Qd5+ Kb6 59. Qc5+ 1/2-1/2

[Event "Olympiad"]
[Site "Bled SLO"]
[Date "2002.11.06"]
[EventDate "2002.10.26"]
[Round "11"]
[Result "1/2-1/2"]
[White "Jesus Nogueiras"]
[Black "Artashes Minasian"]
[WhiteElo "2528"]
[BlackElo "2560"]
[PlyCount "21"]

1. Nf3 c5 2. c4 g6 3. d4 Bg7 4. Nc3 cxd4 5. Nxd4 Nc6 6. e3 Nf6
7. Be2 O-O 8. O-O b6 9. Bf3 Bb7 10. b3 Rb8 11. Nxc6 1/2-1/2

[Event "Olympiad"]
[Site "Bled SLO"]
[Date "2002.11.06"]
[EventDate "2002.10.26"]
[Round "11"]
[Result "1-0"]
[White "Branko Damljanovic"]
[Black "Vugar Gashimov"]
[WhiteElo "2550"]
[BlackElo "2580"]
[PlyCount "123"]

1. Nf3 Nf6 2. c4 b6 3. g3 Bb7 4. Bg2 e6 5. O-O Be7 6. Nc3 O-O
7. Re1 d5 8. cxd5 Nxd5 9. e4 Nxc3 10. bxc3 c5 11. d4 cxd4
12. cxd4 Nc6 13. Bb2 Na5 14. Ne5 Rc8 15. Rc1 Qd6 16. Qe2 f6
17. Ng4 Qd7 18. Ne3 Kh8 19. h4 Rxc1 20. Rxc1 Rc8 21. Rd1 Qa4
22. d5 e5 23. Bh3 Rd8 24. Qh5 g6 25. Qf3 Rf8 26. h5 g5 27. Rc1
Bd8 28. Qf5 Qb4 29. Rc2 Qe7 30. Qe6 Qxe6 31. Bxe6 Ba6 32. Ba3
Rg8 33. Bxg8 Kxg8 34. Bb4 Kf7 35. f3 Ke8 36. Bd6 Kd7 37. Bb8
Nb7 38. Bxa7 Nc5 39. Rxc5 bxc5 40. Bxc5 Bd3 41. Kf2 Bb1 42. a4
Bd3 43. Ng4 Ke8 44. a5 Kf7 45. Bb6 Be7 46. Nh6+ Ke8 47. Ng8
Kf7 48. Nxe7 Kxe7 49. Ke3 Bf1 50. Bc5+ Kf7 51. f4 gxf4+
52. gxf4 exf4+ 53. Kxf4 h6 54. Kf3 Bb5 55. Be3 Kg7 56. Bf4 f5
57. exf5 Kf6 58. Ke4 Be2 59. Bxh6 Bxh5 60. a6 Bg4 61. a7 Bxf5+
62. Kd4 1-0

[Event "Olympiad"]
[Site "Bled SLO"]
[Date "2002.11.06"]
[EventDate "2002.10.26"]
[Round "11"]
[Result "0-1"]
[White "Zlatko Ilincic"]
[Black "Javad Maharramzade"]
[WhiteElo "2527"]
[BlackElo "2469"]
[PlyCount "120"]

1. d4 Nf6 2. c4 e6 3. Nf3 b6 4. g3 Ba6 5. Qa4 Bb7 6. Bg2 c5
7. O-O cxd4 8. Nxd4 Bxg2 9. Kxg2 Qc7 10. Rd1 a6 11. Nc3 Be7
12. f3 Qb7 13. Bg5 h6 14. Bxf6 Bxf6 15. Ne4 Be7 16. Rd3 O-O
17. Rad1 Rc8 18. Qb3 Ra7 19. g4 Bf8 20. h4 Nc6 21. Nxc6 Qxc6
22. Rc3 a5 23. Rcc1 f6 24. Qd3 a4 25. Ng3 Qc5 26. a3 Rcc7
27. Rc3 Ra5 28. Qg6 Qe7 29. Rcd3 Raa7 30. Qe4 Qf7 31. f4 Ra5
32. Rd4 Bc5 33. R4d2 Bf8 34. Rd4 Rac5 35. Qd3 f5 36. gxf5 exf5
37. Rd5 Rxc4 38. Rxf5 Qe6 39. Qf3 R7c5 40. Rxc5 Bxc5 41. f5
Qc6 42. Qxc6 dxc6 43. Rd8+ Kf7 44. Rd7+ Kf8 45. Kf3 Bd4
46. Nh5 Bxb2 47. Nf4 Ke8 48. Rb7 b5 49. Ne6 Bxa3 50. Nxg7+ Kd8
51. Ne6+ Kc8 52. Rc7+ Kb8 53. f6 b4 54. Rd7 b3 55. Nd8 b2
56. Rb7+ Kc8 57. f7 Kxd8 58. Rxb2 Ke7 59. Rb7+ Kf8 60. e4 Be7
0-1

[Event "Olympiad"]
[Site "Bled SLO"]
[Date "2002.11.06"]
[EventDate "2002.10.26"]
[Round "11"]
[Result "1-0"]
[White "Bin-Sattar Reefat"]
[Black "Mihail Marin"]
[WhiteElo "2448"]
[BlackElo "2556"]
[PlyCount "43"]

1. e4 d6 2. d4 Nf6 3. Nc3 g6 4. Be3 c6 5. h3 Nbd7 6. f4 b5
7. Bd3 e5 8. Qf3 b4 9. Nd1 exd4 10. Bxd4 Bg7 11. Ne3 O-O
12. O-O-O Qc7 13. g4 c5 14. Bxf6 Nxf6 15. g5 Nd7 16. e5 dxe5
17. f5 f6 18. Qxa8 Bb7 19. Nd5 Bxa8 20. Nxc7 Bxh1 21. Bc4+ Kh8
22. Rxd7 1-0

[Event "Olympiad"]
[Site "Bled SLO"]
[Date "2002.11.06"]
[EventDate "2002.10.26"]
[Round "11"]
[Result "1/2-1/2"]
[White "Vladislav Nevednichy"]
[Black "Enamul Hossain"]
[WhiteElo "2555"]
[BlackElo "2396"]
[PlyCount "126"]

1. e4 c5 2. Nf3 Nc6 3. Bb5 g6 4. Bxc6 dxc6 5. d3 Bg7 6. h3 Nf6
7. Nc3 O-O 8. Be3 b6 9. Qd2 e5 10. Bh6 Qd6 11. g4 a5 12. Rg1
b5 13. Ne2 c4 14. Bxg7 Kxg7 15. dxc4 Nxe4 16. Qxd6 Nxd6
17. Nxe5 Re8 18. Nxc6 Nxc4 19. b3 Na3 20. Ncd4 Ba6 21. O-O-O
Rac8 22. Rd2 b4 23. c4 bxc3 24. Nxc3 Rxc3+ 25. Kb2 Rxh3
26. Kxa3 h5 27. gxh5 Rxh5 28. Rc1 Rc8 29. Rxc8 Bxc8 30. b4 Bd7
31. Nb3 axb4+ 32. Kxb4 Be6 33. Nc5 Rh4+ 34. Kb5 Bc4+ 35. Kb6
Rh1 36. a4 Rb1+ 37. Kc7 g5 38. Rc2 Bd5 39. a5 Ra1 40. a6 g4
41. Kd6 Bf3 42. Ke5 Kg6 43. Kf4 Ra5 44. Rc3 Ra2 45. Kg3 Kg5
46. Nd3 Ra1 47. Rc1 Ra3 48. Ne5 Ba8+ 49. f3 f6 50. Nf7+ Kg6
51. Nh8+ Kf5 52. Rc5+ Ke6 53. Kxg4 Bxf3+ 54. Kf4 Ba8 55. Ng6
Rxa6 56. Kg4 Be4 57. Nf4+ Kd6 58. Rc1 Ra8 59. Nh5 f5+ 60. Kf4
Rh8 61. Nf6 Ke6 62. Nxe4 Rh4+ 63. Kf3 Ke5 1/2-1/2